[Event "Fortaleza Cearense-ch"]
[Site "Fortaleza"]
[Date "2021.??.??"]
[Round "3"]
[White "Silva, Felipe Do Nasciment"]
[Black "De Lima, Nilo Fernandes"]
[Result "0-1"]
[WhiteElo "1396"]
[BlackElo "1554"]
[PlyCount "52"]
[EventDate "2021.11.12"]
[EventType "swiss"]
[EventRounds "7"]
[EventCountry "BRA"]
[SourceTitle "CBM 205 Extra"]
[Source "ChessBase"]
[SourceDate "2022.01.31"]
[SourceVersion "1"]
[SourceVersionDate "2022.01.31"]
[SourceQuality "1"]

1. d4 Nf6 2. e3 d5 3. Bd3 Bg4 4. f3 Bh5 5. Ne2 e6 6. Nf4 Be7 7. 0-0 0-0 8. Nd2 c5 9. c3 c4 10. Bc2 Nc6 11. Qe1 e5 12. Nxh5 Nxh5 13. Qe2 Nf6 14. dxe5 Nxe5 15. f4 Ng6 16. Rf3 Bc5 17. Kh1 Re8 18. e4 Qc7 19. Nxc4 dxc4 20. Qxc4 Bd6 21. Qxc7 Bxc7 22. e5 Nd5 23. c4 Nb6 24. c5 Nd5 25. g4 Rad8 26. Be4 f6 0-1

[Event "BRA-ch North-Northeast U1800"]
[Site "Fortaleza"]
[Date "2019.04.26"]
[Round "2.7"]
[White "De Lima, Nilo Fernandes"]
[Black "Nunes, Moezio Correia"]
[Result "0-1"]
[WhiteElo "1645"]
[BlackElo "1736"]
[PlyCount "88"]
[EventDate "2019.04.26"]
[EventType "swiss"]
[EventRounds "6"]
[EventCountry "BRA"]
[SourceTitle "EXT 2022"]
[Source "ChessBase"]
[SourceDate "2021.10.06"]
[SourceVersion "1"]
[SourceVersionDate "2021.10.06"]
[SourceQuality "1"]

1. e4 d6 2. d4 Nf6 3. Nc3 c6 4. Bg5 Nbd7 5. Qd2 b5 6. Bd3 Qa5 7. Nf3 b4 8. Ne2 c5 9. c4 Bb7 10. Ng3 cxd4 11. Nxd4 Ne5 12. Bxf6 Nxd3+ 13. Qxd3 exf6 14. b3 Be7 15. Ngf5 g6 16. Nxe7 Kxe7 17. 0-0 Rhe8 18. Rfd1 Rad8 19. Rd2 Kf8 20. f3 Re5 21. Rad1 Kg7 22. Qc2 h5 23. Nb5 Re6 24. Nxd6 Qc5+ 25. Kh1 Rexd6 26. Rxd6 Rxd6 27. Rxd6 Qxd6 28. c5 Qd4 29. h3 Qc3 30. Qf2 Bc6 31. Kh2 a5 32. g4 hxg4 33. hxg4 g5 34. Kg2 Qc1 35. Kh2 Qf4+ 36. Kg2 Kg6 37. Qc2 Qe5 38. Qf2 Qc3 39. Kh2 a4 40. bxa4 Bxa4 41. c6 Qxc6 42. Qd4 Qc3 43. Qa7 Qb2+ 44. Kg3 Qxa2 0-1

[Event "Fortaleza Schoonenborch U1900 6th"]
[Site "Fortaleza"]
[Date "2019.03.08"]
[Round "2.11"]
[White "De Lima, Nilo Fernandes"]
[Black "Ribeiro, Pedro Roney Dias"]
[Result "1/2-1/2"]
[WhiteElo "1645"]
[BlackElo "1420"]
[PlyCount "116"]
[EventDate "2019.03.07"]
[EventType "swiss"]
[EventRounds "6"]
[EventCountry "BRA"]
[SourceTitle "EXT 2022"]
[Source "ChessBase"]
[SourceDate "2021.10.06"]
[SourceVersion "1"]
[SourceVersionDate "2021.10.06"]
[SourceQuality "1"]

1. e4 Nc6 2. d4 d6 3. h3 Nf6 4. Nc3 g6 5. Nf3 Bg7 6. Bd3 0-0 7. 0-0 e5 8. dxe5 Nxe5 9. Nxe5 dxe5 10. Bg5 Be6 11. Qf3 h6 12. Bh4 g5 13. Bg3 Nd7 14. Rad1 Qf6 15. Qxf6 Bxf6 16. Rd2 Nc5 17. Rfd1 Rfd8 18. Be2 Nd7 19. Nd5 Bxd5 20. Rxd5 Nb6 21. Rxd8+ Rxd8 22. Rxd8+ Bxd8 23. Bxe5 f6 24. Bd4 Be7 25. b3 c5 26. Be3 Nc8 27. f4 gxf4 28. Bxf4 Kg7 29. e5 fxe5 30. Bxe5+ Kf7 31. Bg4 Nd6 32. g3 Ne4 33. Bf3 Ng5 34. Bd5+ Kf8 35. Bxb7 Nxh3+ 36. Kg2 Ng5 37. Bb8 a5 38. Bc7 a4 39. bxa4 Ne6 40. Bb6 Nd4 41. c4 Nc2 42. Kf3 Nd4+ 43. Ke4 Ke8 44. a5 Bd8 45. Bxd8 Kxd8 46. a6 Kc7 47. Ba8 Kb6 48. Kd5 Nc2 49. Ke4 Kxa6 50. Kf3 Ka5 51. Be4 Na3 52. Kg4 Nxc4 53. Kh5 Ne3 54. g4 Nxg4 55. Kxg4 Kb4 56. Bd5 c4 57. Kh5 c3 58. Bb3 Ka3 1/2-1/2

[Event "Fortaleza Capivarol op"]
[Site "Fortaleza"]
[Date "2018.11.03"]
[Round "4"]
[White "Prado, Francisco Fadel Pin"]
[Black "De Lima, Nilo Fernandes"]
[Result "1-0"]
[WhiteElo "1717"]
[BlackElo "1675"]
[PlyCount "47"]
[EventDate "2018.11.02"]
[EventType "swiss"]
[EventRounds "6"]
[EventCountry "BRA"]
[SourceTitle "CBM 187 Extra"]
[Source "ChessBase"]
[SourceDate "2018.11.04"]
[SourceVersion "1"]
[SourceVersionDate "2018.11.04"]
[SourceQuality "1"]

1. d4 Nf6 2. c4 e6 3. Nc3 d5 4. Bg5 Nbd7 5. e3 c6 6. Nf3 Qa5 7. Qc2 Bb4 8. Nd2 dxc4 9. Bxf6 Nxf6 10. Nxc4 Qc7 11. Bd3 0-0 12. Ne5 g6 13. 0-0 b5 14. Nxb5 Qb6 15. Qxc6 Qxc6 16. Nxc6 Bd7 17. Nxb4 Rab8 18. a4 Rb7 19. Rfc1 Ra8 20. Rc7 Rxc7 21. Nxc7 Rb8 22. Nb5 Nd5 23. Na6 Bxb5 24. Bxb5 1-0